[Event "New Zealand Seniors Championship 2017"]
[Site "Mount Manganui NZL"]
[Date "2017.09.02"]
[Round "3.1"]
[White "Smith, Robert W"]
[Black "Dive, Russell J"]
[Result "1/2-1/2"]
[WhiteElo "2353"]
[BlackElo "2434"]
[PlyCount "103"]
[EventDate "2017.09.01"]

1. e4 c6 2. d4 d5 3. e5 Bf5 4. Nf3 e6 5. Be2 h6 6. O-O Nd7 7. Nbd2 Ne7 8. Nb3
Nc8 9. a4 a5 10. Be3 Be7 11. Ne1 Ncb6 12. Bd3 Nc4 13. Bxf5 exf5 14. e6 fxe6 15.
Qh5+ Kf8 16. Qg6 Nf6 17. Nd3 Qe8 18. Nf4 Qf7 19. Nc1 Bd6 20. Ncd3 Rg8 21. Bc1
Qxg6 22. Nxg6+ Kf7 23. Nge5+ Bxe5 24. dxe5 Nd7 25. Re1 c5 26. b3 Ncb6 27. Be3
Rgc8 28. Rab1 g5 29. f4 g4 30. c3 Rc7 31. Kf2 Rac8 32. h3 gxh3 33. gxh3 c4 34.
bxc4 Nxc4 35. Bd4 b6 36. Red1 Rc6 37. Rb3 Rg8 38. Nb2 Nxb2 39. Rxb2 h5 40. Rg1
Rxg1 41. Kxg1 Rc4 42. Bxb6 Rxa4 43. Bd4 Rc4 44. Rb7 Ke7 45. Kf2 h4 46. Ra7 Ra4
47. Kf3 Ra1 48. Bf2 Ke8 49. Ra8+ Kf7 50. Ra7 Ke8 51. Ra8+ Kf7 52. Ra7 1/2-1/2

[Event "New Zealand Seniors Championship 2017"]
[Site "Mount Manganui NZL"]
[Date "2017.09.02"]
[Round "3.2"]
[White "Goffin, Peter B"]
[Black "Steadman, Michael V R"]
[Result "0-1"]
[WhiteElo "1817"]
[BlackElo "2260"]
[PlyCount "130"]
[EventDate "2017.09.01"]

1. e4 g6 2. d4 Bg7 3. Nc3 d6 4. Nf3 Nd7 5. Be3 a6 6. Be2 e6 7. Qd2 b5 8. Rd1
Bb7 9. d5 Ngf6 10. dxe6 fxe6 11. Nd4 Qe7 12. f3 O-O 13. O-O Rad8 14. Nb3 Ne5
15. Qc1 Rfe8 16. Rd2 c5 17. Rfd1 b4 18. Nb1 Qc7 19. c3 a5 20. cxb4 axb4 21. a3
bxa3 22. Nxa3 Qb6 23. Qc2 Bf8 24. Nc4 Nxc4 25. Bxc4 d5 26. Bd3 Rc8 27. Nc1 Qc6
28. Bg5 Nd7 29. exd5 exd5 30. Bc4 Nb6 31. Bxd5+ Nxd5 32. Rxd5 Qxd5 33. Rxd5
Bxd5 34. Nd3 Bg7 35. Bh4 c4 36. Nf4 Bf7 37. Ne2 Rb8 38. Nc3 Bd4+ 39. Kf1 Rb3
40. Bg5 Ra8 41. Bc1 Ra1 42. Ke2 Kg7 43. Nd1 c3 44. bxc3 Bc4+ 45. Kd2 Be5 46. g3
Bf6 47. Bb2 Ra2 48. Qb1 Raxb2+ 49. Qxb2 Rxb2+ 50. Nxb2 Bd5 51. f4 Kf7 52. Nd1
Ke6 53. Ne3 Bc6 54. Kd3 Bd8 55. g4 Bb6 56. f5+ Kf6 57. fxg6 hxg6 58. h4 Bf3 59.
g5+ Ke6 60. c4 Bc6 61. Nd5 Bf2 62. h5 gxh5 63. Nf4+ Kf5 64. Nxh5 Kxg5 65. Ng7
Bd7 0-1

[Event "New Zealand Seniors Championship 2017"]
[Site "Mount Manganui NZL"]
[Date "2017.09.02"]
[Round "3.3"]
[White "Booth, Anthony J"]
[Black "Marko, Helmut S"]
[Result "1-0"]
[WhiteElo "1486"]
[BlackElo "2067"]
[PlyCount "209"]
[EventDate "2017.09.01"]

1. d4 g6 2. c4 Bg7 3. Nc3 c5 4. Nf3 cxd4 5. Nxd4 Nc6 6. e3 Nf6 7. Nxc6 bxc6 8.
Be2 O-O 9. O-O Rb8 10. e4 d6 11. Rb1 Qc7 12. Be3 Be6 13. h3 Rfd8 14. Qd2 Nd7
15. Rfc1 Nc5 16. f3 a5 17. b3 f5 18. Bd4 Bxd4+ 19. Qxd4 fxe4 20. Nxe4 Bf5 21.
Rb2 e5 22. Nf6+ Kh8 23. Qe3 Qg7 24. Ne4 Ne6 25. g4 Bxe4 26. fxe4 Nf4 27. Bf1 h6
28. Rd1 c5 29. Qc3 Qc7 30. Rbd2 Kh7 31. Qg3 Ne6 32. Rf2 Rf8 33. Rxf8 Rxf8 34.
Rd2 Rf4 35. Bg2 g5 36. h4 gxh4 37. Qxh4 Ng5 38. Re2 Qf7 39. Qg3 Qg6 40. Qh4 Qf6
41. Qg3 Kg7 42. Rf2 Ne6 43. Rxf4 exf4 44. Qf2 Ng5 45. Qd2 f3 46. Bf1 Nxe4 47.
Qd5 Qd4+ 48. Qxd4+ cxd4 49. Bd3 Ng5 50. Kf2 Kf6 51. Kg3 Ke5 52. a3 Ne4+ 53.
Kxf3 Nd2+ 54. Kg3 Nxb3 55. Bc2 Nc5 56. Kf3 d3 57. Bd1 Kd4 58. Kf4 Kxc4 59. Kf5
d2 60. Kg6 Ne4 61. Kxh6 Kc3 62. g5 Kb2 63. g6 Kc1 64. Bf3 Ng3 65. Kg5 Ne4+ 66.
Kf5 Nc3 67. g7 d1=Q 68. Bxd1 Kxd1 69. g8=Q Kc2 70. Qc4 d5 71. Qc5 a4 72. Ke5
Kd3 73. Qd4+ Kc2 74. Qb4 Kd3 75. Qd4+ Kc2 76. Qe3 Kb2 77. Kd4 Nb5+ 78. Kxd5
Nxa3 79. Kc5 Nc2 80. Qe5+ Kb3 81. Qd5+ Kb2 82. Qg2 Kc3 83. Qf3+ Kb2 84. Kc4 a3
85. Qb3+ Kc1 86. Kc3 Ne1 87. Qxa3+ Kd1 88. Qd6+ Ke2 89. Qd2+ Kf1 90. Qd1 Kf2
91. Qg4 Ke3 92. Qd4+ Ke2 93. Qd2+ Kf1 94. Kc4 Nf3 95. Qc2 Ne1 96. Qh2 Nf3 97.
Qb2 Ne1 98. Kc3 Nf3 99. Kd3 Ne1+ 100. Ke3 Ng2+ 101. Kf3 Nh4+ 102. Kg3 Nf5+ 103.
Kh2 Ne3 104. Qd2 Ng4+ 105. Kg3 1-0

[Event "New Zealand Seniors Championship 2017"]
[Site "Mount Manganui NZL"]
[Date "2017.09.02"]
[Round "3.4"]
[White "Gibbons, Robert E"]
[Black "List, Robert"]
[Result "1-0"]
[WhiteElo "2049"]
[BlackElo "1681"]
[PlyCount "79"]
[EventDate "2017.09.01"]

1. d4 b6 2. e4 e6 3. Nf3 Bb7 4. Bd3 Bb4+ 5. c3 Be7 6. O-O c5 7. Bf4 c4 8. Bc2
d5 9. Bxb8 Rxb8 10. Ba4+ Kf8 11. e5 a6 12. Nbd2 b5 13. Bc2 Ke8 14. h3 g5 15.
Nh2 h5 16. f4 g4 17. hxg4 hxg4 18. Qxg4 Kd7 19. Qg7 Nh6 20. f5 Qc7 21. Ng4 Rbg8
22. Nf6+ Bxf6 23. Qxf6 Qd8 24. Qxd8+ Kxd8 25. f6 Rg5 26. Nf3 Rh5 27. Nh2 Bc8
28. Bd1 Rg5 29. g4 Rhg8 30. Rf4 Rf5 31. Rf2 Rfg5 32. Rc1 Nf5 33. Bf3 Ng3 34.
Nf1 Ne4 35. Rg2 Bb7 36. Rd1 Bc6 37. Nd2 a5 38. Nxe4 dxe4 39. Bxe4 Rxg4 40. Bxc6
1-0

[Event "New Zealand Seniors Championship 2017"]
[Site "Mount Manganui NZL"]
[Date "2017.09.02"]
[Round "3.5"]
[White "Milligan, Helen"]
[Black "Lim, Benjamin U"]
[Result "0-1"]
[WhiteElo "2123"]
[BlackElo "2024"]
[PlyCount "88"]
[EventDate "2017.09.01"]

1. e4 c5 2. Nf3 d6 3. d4 cxd4 4. Nxd4 Nf6 5. Nc3 a6 6. Be3 e5 7. Nb3 Be6 8. f3
Nbd7 9. Qd2 b5 10. O-O-O Rc8 11. Kb1 Nb6 12. a3 Nc4 13. Bxc4 bxc4 14. Nc1 Rb8
15. Nd5 Nxd5 16. exd5 Bf5 17. g4 c3 18. Qxc3 Rc8 19. Qb4 Bxc2+ 20. Ka1 Bxd1 21.
Rxd1 Be7 22. Qa4+ Qd7 23. Qxa6 O-O 24. Qd3 Qa4 25. Ne2 Rc4 26. Ng3 Bg5 27. Rb1
Bxe3 28. Qxe3 Rb8 29. Rc1 Rbc8 30. Rxc4 Rxc4 31. Ne2 Qd1+ 32. Ka2 Qxd5 33. Qb3
Qe6 34. Nc3 Rc5 35. a4 Kf8 36. Ka3 Qxb3+ 37. Kxb3 Ke7 38. Kb4 Kd7 39. h4 Rc8
40. h5 g6 41. h6 f5 42. g5 Rb8+ 43. Nb5 Kc6 44. Kc4 d5+ 0-1

[Event "New Zealand Seniors Championship 2017"]
[Site "Mount Manganui NZL"]
[Date "2017.09.02"]
[Round "3.6"]
[White "Findlay, John"]
[Black "Cooper, Nigel"]
[Result "1/2-1/2"]
[WhiteElo "1677"]
[BlackElo "1791"]
[PlyCount "65"]
[EventDate "2017.09.01"]

1. e4 e5 2. Nf3 Nc6 3. d4 exd4 4. Nxd4 Qh4 5. Nc3 Bb4 6. Ndb5 Ba5 7. Bd3 a6 8.
Na3 Ne5 9. O-O Bxc3 10. bxc3 Nf6 11. Qe2 O-O 12. f4 Nxd3 13. cxd3 d6 14. Bd2
Re8 15. Qf2 Qxf2+ 16. Rxf2 Ng4 17. Rff1 f5 18. Rae1 fxe4 19. dxe4 Nf6 20. e5
dxe5 21. fxe5 Nd5 22. Nc2 c5 23. Ne3 Nxe3 24. Rxe3 Be6 25. a3 Rad8 26. Bc1 Rd5
27. Rfe1 Red8 28. Kf2 Rd1 29. Rxd1 Rxd1 30. Re1 Rxe1 31. Kxe1 Bd5 32. Be3 b6
33. a4 1/2-1/2

[Event "New Zealand Seniors Championship 2017"]
[Site "Mount Manganui NZL"]
[Date "2017.09.02"]
[Round "3.7"]
[White "Laurie, Ian"]
[Black "Smith, Vivian J"]
[Result "1/2-1/2"]
[WhiteElo "1736"]
[BlackElo "1785"]
[PlyCount "60"]
[EventDate "2017.09.01"]

1. c4 c6 2. Nc3 Nf6 3. g3 d5 4. cxd5 cxd5 5. Bg2 Nc6 6. d4 e6 7. Bg5 Be7 8. e3
h6 9. Bxf6 Bxf6 10. Nge2 O-O 11. O-O Bd7 12. Nc1 Rc8 13. Nd3 b6 14. Rc1 Na5 15.
b3 Rc7 16. Rc2 Qb8 17. Qe2 Rfc8 18. Rfc1 Be7 19. Ne5 Be8 20. Nxd5 exd5 21. Bxd5
Rxc2 22. Rxc2 Nb7 23. Rxc8 Qxc8 24. Qf3 Nd6 25. Ng6 Qd7 26. Ne5 Qf5 27. Qe2 Qc8
28. Kg2 Bf6 29. Ng4 Be7 30. Ne5 Bf6 1/2-1/2

[Event "New Zealand Seniors Championship 2017"]
[Site "Mount Manganui NZL"]
[Date "2017.09.02"]
[Round "3.8"]
[White "Burgess, Ken"]
[Black "Gothorp, Thomas H T"]
[Result "1-0"]
[WhiteElo "1547"]
[BlackElo "1564"]
[PlyCount "119"]
[EventDate "2017.09.01"]

1. Nf3 d5 2. g3 Nf6 3. Bg2 Nbd7 4. d3 e5 5. Nbd2 c6 6. O-O Bd6 7. e4 d4 8. c3
dxc3 9. bxc3 b6 10. Nc4 Bc7 11. a4 Ba6 12. Ba3 Bxc4 13. dxc4 c5 14. Qe2 O-O 15.
Rfd1 Qc8 16. Bc1 Rd8 17. Bh3 Qb7 18. Bg5 h6 19. Bxd7 hxg5 20. Nxg5 g6 21. Bh3
Rxd1+ 22. Rxd1 Rd8 23. Rxd8+ Bxd8 24. Qd3 Qe7 25. Nf3 Bc7 26. Nd2 Qd6 27. Qxd6
Bxd6 28. f3 Kg7 29. Nf1 Nh7 30. Ne3 Bc7 31. Nd5 Bd8 32. Kf2 Nf6 33. Ke3 Ne8 34.
f4 exf4+ 35. gxf4 Nd6 36. Kd3 Bh4 37. e5 Ne8 38. Bd7 Kf8 39. Bxe8 Kxe8 40. Ke4
Kd7 41. f5 gxf5+ 42. Kxf5 Bd8 43. Nf6+ Ke7 44. h4 Kf8 45. h5 Kg7 46. Ng4 Bh4
47. Ke4 Be1 48. Kd5 Bxc3 49. Kc6 Kg8 50. Kb7 a5 51. Kxb6 Bb4 52. Kc6 Kg7 53.
Kd6 Kf8 54. h6 Kg8 55. Nf6+ Kh8 56. Ke7 Bc3 57. Ng4 Kg8 58. h7+ Kxh7 59. Kxf7
Bd4 60. e6 1-0